Normal view
MARC view
- APPLICATION SOFTWARE-BASIC TOOLS APPLICATION SOFTWARE-POWER TOOLS SYSTEM SOFTWARE PROCESSING UNIT INTERNET GUIDE
Entry Topical Term
001 - CONTROL NUMBER
- control field: 56353
003 - CONTROL NUMBER IDENTIFIER
- control field: NUST
005 - DATE AND TIME OF LATEST TRANSACTION
- control field: 20210628201703.0
008 - FIXED-LENGTH DATA ELEMENTS
- fixed length control field: 210628|| aca||aabn | a|a d
040 ## - CATALOGING SOURCE
- Original cataloging agency: NUST
- Transcribing agency: NUST
150 ## - HEADING--TOPICAL TERM
- Topical term or geographic name entry element: APPLICATION SOFTWARE-BASIC TOOLS APPLICATION SOFTWARE-POWER TOOLS SYSTEM SOFTWARE PROCESSING UNIT INTERNET GUIDE
670 ## - SOURCE DATA FOUND
- Source citation: Work cat.: (NUST): O'leary, Timothy J O'leary, Linda I 56352, Computing essentials multimedia edition 1997-1998, 1997
